000 00512nam a2200145 4500
082 _aMSIT-15
100 _aMaryam Jameela
245 _aMonitoring traffic laws violations via mobile application and video analysis
260 _aIslamabad
_bNUST-SEECS
_c2016
300 _a49p.
_eW/O CD
856 _uhttp://10.250.8.41:8080/xmlui/handle/123456789/30432
942 _2ddc
_cTHE
999 _c328660
_d328660